000 00434nam a2200181Ia 4500
001 8003
005 20260306160537.0
008 260306t1974||||xx |||||||||||||| ||spa||
041 _aESP
082 _a370
_bS54
100 _aSilvia de Santolalla, Irene
_eAUT
245 0 _aMi aporte a la educación familiar
260 _c1974
300 _a591 páginas :
_c24 cm.
650 _aGEN
654 _aCED
942 _cLIB
_dJUS
_fJUS
_2ddc
_n
999 _c8003
_d8003